00912nam a2200229 i 45000010005000000030009000050050017000140080041000310200018000720800019000900800021001091000041001302450153001712600036003243000022003605040032003826000056004146510053004708520022005239990015005459520122005608810ES-MaACL20250805054834.0921001s1992 sp |||| |bspa d a84-87204-40-6 a92 Carlos(46)I a9(46)"1517/1556"1 aCadenas y Vicent, Vicente de.93339110aDiario del emperador Carlos V b: itinerarios, permanencias, despacho, sucesos y efemérides relevantes de su vida / cVicente de Cadenas y Vicent. aMadrid : bHidalguía, c1992. a426 p. ; c25 cm. aBibliografía: p. 409-426.04aCarlos bI, cRey de España-xBiografías935297 4aEspaña-xHistoria-y1516-1556, Carlos I.98224 aES-MaACLjL-16160 c8810d8810 00104070aATENEOMbATENEOMcDEPO2d2008-01-17eSCl0oL-16160p1008996r2023-02-23 00:00:00w2023-02-23yMONOGRAFIA